| 000 | 00568cam a2200145 4500 | ||
|---|---|---|---|
| 001 | 4820 | ||
| 005 | 20181127174214.0 | ||
| 008 | 110509s2010 xna b 000 0 eng d | ||
| 010 | _a 2011381660 | ||
| 245 | 1 | 4 |
_aBachelor of arts : _bEnvironmental studies PS 122 : Basic demographic methods / _cCompiled by Leishipem Khamrang(PhD). |
| 260 |
_a[Thimphu] : _bRoyal Thimphu College, _c[2015]. |
||
| 500 | _aXerographic copy in a binder. | ||
| 520 | _aBachelor of Arts: Environmental Studies PS 122 : Basic Demographic Methods coursepack. | ||
| 650 | 0 |
_aEnvironmental Studies. _x _v |
|
| 999 |
_c4004 _d4004 |
||